000 00194 a2200097 4500
001 11821
100 _aSiegfried, A.
245 _aCanada
260 _a
_bJonathan, cape
_c
090 _c9077
_d9077
942 _aNUST-CAE
_cM
_c35908
999 _c246894
_d246894